000 00534nam a2200181Ia 4500
005 20250508151729.0
008 008 250505s9999 xx 000 0 eng d
037 _aTextual
040 _aFEDL
_beng
_cFEDL
041 _aeng
_2eng
084 _a320, CRO
_qFEDL
100 _aCrossman R. H. S.
245 0 _aGovernment and the governed : A history of political ideas and political practice
260 _aLondon, UK
_bChristophers
_c1952
300 _avi,326p.
942 _cTEXL
_h320, CRO
999 _c1331760
_d1331760